[Event "Asia-ch U18 Girls"]
[Site "Al Ain"]
[Date "2023.12.19"]
[Round "7"]
[White "Ghomi, Parnian"]
[Black "Masoumi, Sahar"]
[Result "1-0"]
[WhiteElo "2008"]
[BlackElo "1829"]
[PlyCount "79"]
[EventDate "2023.12.14"]
[EventType "swiss"]
[EventRounds "9"]
[EventCountry "UAE"]
[SourceTitle "EXT 2025"]
[Source "ChessBase"]
[SourceDate "2024.10.14"]
[SourceVersion "1"]
[SourceVersionDate "2024.10.14"]
[SourceQuality "1"]

1. e4 c5 2. Nf3 Nc6 3. c3 Nf6 4. e5 Nd5 5. Na3 e6 6. Nc4 Be7 7. g3 0-0 8. Bg2 Qc7 9. 0-0 f5 10. exf6 Bxf6 11. Ne3 Nxe3 12. dxe3 d5 13. h4 Qd8 14. Nh2 Ne5 15. f4 Nc4 16. e4 d4 17. e5 Be7 18. Qd3 Nb6 19. c4 Bd7 20. Bxb7 Rc8 21. Be4 h6 22. b3 Bc6 23. Bg6 Nd7 24. Bd2 Bb7 25. h5 Qc7 26. Rae1 Bc6 27. Qe2 Rfd8 28. Bd3 Nf8 29. Qg4 Bb7 30. Rf2 Re8 31. Nf3 Bd8 32. Kh2 Bc6 33. f5 exf5 34. Bxf5 Rb8 35. Bxh6 Bxf3 36. Rxf3 Bf6 37. exf6 Rxe1 38. fxg7 Re2+ 39. Kh3 Nh7 40. Be6+ 1-0

[Event "IRI-ch (Women)"]
[Site "Kermanshah"]
[Date "2022.03.03"]
[Round "5"]
[White "Masoumi, Sahar"]
[Black "Paktinat, Zhina"]
[Result "1/2-1/2"]
[WhiteElo "1925"]
[BlackElo "1903"]
[PlyCount "74"]
[EventDate "2022.02.28"]
[EventType "tourn"]
[EventRounds "11"]
[EventCountry "IRI"]
[SourceTitle "EXT 2023"]
[Source "ChessBase"]
[SourceDate "2022.10.05"]
[SourceVersion "1"]
[SourceVersionDate "2022.10.05"]
[SourceQuality "1"]

1. e4 e5 2. Nf3 Nf6 3. Nxe5 d6 4. Nf3 Nxe4 5. Nc3 Nf6 6. d4 d5 7. Bd3 Be7 8. 0-0 Bg4 9. Bf4 0-0 10. h3 Bh5 11. Re1 Bd6 12. Bg5 c6 13. g4 Bg6 14. Ne5 Qb6 15. Bxf6 gxf6 16. Nf3 Nd7 17. Kh1 Rfe8 18. Qd2 Nf8 19. h4 Qc7 20. h5 Bf4 21. Qd1 Bxd3 22. Qxd3 Bg5 23. Qf5 Ne6 24. Nxg5 fxg5 25. Re5 h6 26. Rae1 Kg7 27. Ne2 Re7 28. c3 Rae8 29. Kg1 Nf8 30. f4 f6 31. Rxe7+ Qxe7 32. fxg5 fxg5 33. Rf1 Qxe2 34. Qf7+ Kh8 35. Qf6+ Kg8 36. Qf7+ Kh8 37. Qf6+ Kg8 1/2-1/2

[Event "Wch FIDE Online U14 Girls Asia qual"]
[Site "Tornelo INT"]
[Date "2020.12.12"]
[Round "3"]
[White "Masoumi, Sahar"]
[Black "Aisha, Mohamed Al Muaini"]
[Result "0-1"]
[WhiteElo "1902"]
[BlackElo "1177"]
[PlyCount "46"]
[EventDate "2020.12.11"]
[EventType "swiss (rapid)"]
[EventRounds "7"]
[EventCountry "ISS"]
[SourceTitle "EXT 2022"]
[Source "ChessBase"]
[SourceDate "2021.10.06"]
[SourceVersion "1"]
[SourceVersionDate "2021.10.06"]
[SourceQuality "1"]

1. d4 Nf6 2. c4 g6 3. Nc3 Bg7 4. e4 d6 5. f3 0-0 6. Be3 c6 7. Qd2 e5 8. Nge2 Nbd7 9. Nc1 d5 10. dxe5 Nxe5 11. cxd5 cxd5 12. exd5 Ne8 13. Be2 Nd6 14. b3 Qc7 15. Bd4 Nf5 16. Nb5 Qe7 17. Bb2 Nxf3+ 18. gxf3 Qh4+ 19. Kd1 Bh6 20. Bf6 Qxf6 21. Qc3 Ne3+ 22. Ke1 Qh4+ 23. Kd2 Nxd5+ 0-1

[Event "Wch FIDE Online U14 Girls Asia qual"]
[Site "Tornelo INT"]
[Date "2020.12.12"]
[Round "5"]
[White "Masoumi, Sahar"]
[Black "Kaldarova, Ayaulym"]
[Result "1-0"]
[WhiteElo "1902"]
[BlackElo "1592"]
[PlyCount "69"]
[EventDate "2020.12.11"]
[EventType "swiss (rapid)"]
[EventRounds "7"]
[EventCountry "ISS"]
[SourceTitle "EXT 2022"]
[Source "ChessBase"]
[SourceDate "2021.10.06"]
[SourceVersion "1"]
[SourceVersionDate "2021.10.06"]
[SourceQuality "1"]

1. d4 Nf6 2. c4 e6 3. Nc3 Bb4 4. f3 0-0 5. a3 Bxc3+ 6. bxc3 d6 7. e4 e5 8. Bd3 c5 9. Ne2 cxd4 10. cxd4 exd4 11. Nxd4 Qb6 12. Be3 Nc6 13. Nc2 Qa5+ 14. Kf2 Ne5 15. Bd4 Be6 16. Ne3 Rac8 17. Qe2 Nfd7 18. Nd5 Rfe8 19. Rhd1 b5 20. Nf4 Nxd3+ 21. Qxd3 bxc4 22. Qe3 a6 23. Kg1 c3 24. Rac1 Qxa3 25. Bxc3 Qc5 26. Bd4 Qa5 27. Ra1 Qb5 28. Rdb1 Qc4 29. Nh5 Ne5 30. Bb2 h6 31. Kh1 Qd3 32. Qxd3 Nxd3 33. Bxg7 Rc5 34. Nf6+ Kxg7 35. Nxe8+ 1-0

[Event "IRI-ch (Women)"]
[Site "Rasht"]
[Date "2019.11.16"]
[Round "11"]
[White "Masoumi, Sahar"]
[Black "Alavi, Homa"]
[Result "0-1"]
[WhiteElo "1862"]
[BlackElo "2017"]
[PlyCount "58"]
[EventDate "2019.11.09"]
[EventType "tourn"]
[EventRounds "11"]
[EventCountry "IRI"]
[SourceTitle "CBM 193 Extra"]
[Source "ChessBase"]
[SourceDate "2020.01.31"]
[SourceVersion "1"]
[SourceVersionDate "2020.01.31"]
[SourceQuality "1"]

1. d4 Nf6 2. c4 g6 3. Nc3 Bg7 4. e4 d6 5. f3 0-0 6. Be3 c5 7. dxc5 dxc5 8. Bxc5 Qc7 9. Be3 Rd8 10. Qc1 Na6 11. Kf2 Nc5 12. Qc2 Be6 13. Re1 a6 14. g3 b5 15. cxb5 axb5 16. Rc1 Rac8 17. Qb1 b4 18. Na4 Ncxe4+ 19. Kg2 Qa5 20. Rxc8 Bxc8 21. fxe4 Qxa4 22. Be2 Bb7 23. Bf3 b3 24. axb3 Qxb3 25. Kf2 Bxe4 26. Bxe4 Ng4+ 27. Kf3 Nxe3 28. Ke2 Nc4 29. Nf3 Rd2+ 0-1

[Event "IRI-ch (Women)"]
[Site "Rasht"]
[Date "2019.11.12"]
[Round "5"]
[White "Masoumi, Sahar"]
[Black "Mahdian, Anousha"]
[Result "0-1"]
[WhiteElo "1862"]
[BlackElo "2187"]
[PlyCount "100"]
[EventDate "2019.11.09"]
[EventType "tourn"]
[EventRounds "11"]
[EventCountry "IRI"]
[SourceTitle "CBM 193 Extra"]
[Source "ChessBase"]
[SourceDate "2020.01.31"]
[SourceVersion "1"]
[SourceVersionDate "2020.01.31"]
[SourceQuality "1"]

1. e4 c6 2. Nc3 d5 3. Nf3 Nf6 4. e5 Ne4 5. d4 Nxc3 6. bxc3 c5 7. c4 Nc6 8. c3 cxd4 9. cxd4 Bf5 10. Qb3 e6 11. c5 Qc7 12. Be3 Be7 13. Be2 0-0 14. 0-0 b6 15. cxb6 Qxb6 16. Rfc1 Rfc8 17. Qxb6 axb6 18. Rc3 Bb4 19. Rcc1 Ba3 20. Rf1 Bb2 21. Rad1 Rxa2 22. Bd3 Bxd3 23. Rxd3 Na5 24. Rb1 Nc4 25. Rb3 Rca8 26. h3 Ra1 27. Rxa1 Rxa1+ 28. Kh2 h6 29. Kg3 Ra3 30. Rb5 Ra5 31. Rb3 Ra3 32. Rb5 Bc3 33. h4 Kf8 34. Kf4 Ke7 35. g4 Kd7 36. Rb1 g6 37. Bc1 Ra1 38. Rxa1 Bxa1 39. Kg3 g5 40. h5 Ke8 41. Bxg5 hxg5 42. h6 Kf8 43. h7 Kg7 44. Nxg5 Bxd4 45. f4 Nxe5 46. fxe5 Bxe5+ 47. Kf3 Kg6 48. Nh3 Kxh7 49. Nf2 b5 50. Nd3 Bc3 0-1